Logo BPK

Biblioteka

Politechniki Koszalińskiej

A Practical English Grammar : (Rekord nr 48480)

Szczegóły MARC
000 -ETYKIETA REKORDU
podpole kontrolne o stałej długości 00918nam a2200289 i 4500
001 - NUMER KONTROLNY REKORDU
pole kontrolne bgj
003 - IDENTYFIKATOR NUMERU KONTROLNEGO REKORDU
podpole kontrolne BPK
005 - DATA OSTATNIEJ MODYFIKACJI REKORDU
podpole kontrolne 20191002090814.0
008 - POLE O STAŁEJ DŁUGOŚCI - DANE KONTROLNE
podpole kontrolne o stałej długości s2001 enk g f |000 0 eng d
020 ## - MIĘDZYNARODOWY ZNORMALIZOWANY NUMER KSIĄŻKI - ISBN
ISBN 0194313506 (pbk)
040 ## - ŹRÓDŁO KATALOGOWANIA
Instytucja, która utworzyła rekord BPK
041 0# - KOD JĘZYKA
Kod języka tekstu eng
080 ## - UNIWERSALNA KLASYFIKACJA DZIESIĘTNA - UKD
UKD 811.111'36
080 ## - UNIWERSALNA KLASYFIKACJA DZIESIĘTNA - UKD
UKD (076)
100 1# - NAZWA OSOBOWA
Nazwa osobowa Thomson, Audrey Jean
Daty związane z nazwą (1920- ).
245 10 - TYTUŁ/ODPOWIEDZIALNOŚĆ
Tytuł A Practical English Grammar :
Ciąg dalszy tytułu exercises 2 /
Pozostałe elementy strefy tytułu i oznaczenia odpowiedzialności A. J. Thomson ; A. V. Martinet.
250 ## - STREFA WYDANIA
Oznaczenie wydania 3rd [Low-priced revised, & updated] ed.,16th impr.
260 ## - STREFA ADRESU WYDAWNICZEGO
Miejsce wydania Oxford [etc.] :
Nazwa wydawcy/dystrybutora Oxford University Press,
Data publikacji, dystrybucji/powstania dokumentu 2001.
300 ## - STREFA OPISU FIZYCZNEGO
Objętość 199 pp ;
Rozmiary 22 cm.
505 ## - SFORMALIZOWANA UWAGA DOTYCZĄCA ZAWARTOŚCI
Pełny tekst uwagi Includes key.
650 #0 - HASŁO PRZEDMIOTOWE W FORMIE NAZWY OGÓLNEJ LUB JEDNOSTKOWEJ
Nazwa ogólna lub geograficzna English language
Określnik ogólny Grammar
Określnik formalny Problems, exercises, etc.
650 #4 - HASŁO PRZEDMIOTOWE W FORMIE NAZWY OGÓLNEJ LUB JEDNOSTKOWEJ
Nazwa ogólna lub geograficzna Język angielski
Określnik ogólny gramatyka.
655 #4 - TERMIN INDEKSOWY - OKREŚLENIE RODZAJU/FORMY DOKUMENTU
Określenie rodzaju/formy dokumentu Ćwiczenia i zadania
655 #4 - TERMIN INDEKSOWY - OKREŚLENIE RODZAJU/FORMY DOKUMENTU
Określenie rodzaju/formy dokumentu Podręcznik
700 1# - HASŁO DODATKOWE - NAZWA OSOBOWA
Nazwa osobowa Martinet, Agnes V.
Daty związane z nazwą (1921- ).
942 ## - DODATKOWE ELEMENTY (KOHA)
Typ dokumentu Książka
Schemat klasyfikacji Uniwersalna Klasyfikacja Dziesiętna
Egzemplarze
Wycofany Status egzemplarza Uszkodzony Dostępność Lokalizacja stała Lokalizacja bieżąca Miejsce przechowywania Sygnatura Kod kreskowy Ostatnio wypożyczono Dział Typ dokumentu
      Tylko na miejscu Biblioteka Politechniki Koszalińskiej Biblioteka Politechniki Koszalińskiej Czytelnia Wydziałowa ul. Kwiatkowskiego 6e KA 5741 09054929 28.02.2020 811.111'36 Język angielski - gramatyka Książka
© 2023 Biblioteka Politechniki Koszalińskiej :: KOHA